Beaches and coasts / (Record no. 10539)
[ view plain ]
| 000 -LEADER | |
|---|---|
| fixed length control field | 00733nam a2200265 4500 |
| 001 - CONTROL NUMBER | |
| control field | 10539 |
| 003 - CONTROL NUMBER IDENTIFIER | |
| rucl marc code | BD-RjUL |
| 005 - DATE AND TIME OF LATEST TRANSACTION | |
| control field | 20211208234955.0 |
| 008 - FIXED-LENGTH DATA ELEMENTS--GENERAL INFORMATION | |
| fixed length control field | 140125r19611959enka b 001 0 eng |
| 035 ## - SYSTEM CONTROL NUMBER | |
| System control number | (BD-RjUL)10587 |
| 040 ## - CATALOGING SOURCE | |
| Original cataloging agency | DLC |
| Transcribing agency | DLC |
| Modifying agency | DLC |
| -- | BD-RjUL |
| Language of cataloging | eng |
| 041 ## - LANGUAGE CODE | |
| Language code of text/sound track or separate title | eng |
| 082 00 - DEWEY DECIMAL CLASSIFICATION NUMBER | |
| Classification number | 551.36 |
| Author mark and year | KIB |
| 100 1# - MAIN ENTRY--PERSONAL NAME | |
| Personal name | King, Cuchlaine A. M. |
| 9 (RLIN) | 32584 |
| 245 00 - TITLE STATEMENT | |
| Title | Beaches and coasts / |
| Statement of responsibility, etc. | Cuchlaine A. M. King. |
| 260 ## - PUBLICATION, DISTRIBUTION, ETC. (IMPRINT) | |
| Place of publication, distribution, etc. | London : |
| Name of publisher, distributor, etc. | E. Arnold, |
| Date of publication, distribution, etc. | c1959 [Reprinted 1961]. |
| 300 ## - PHYSICAL DESCRIPTION | |
| Pagination | xii, 403 p. : |
| Illustrations | illus. ; |
| Size | 24 cm. |
| 504 ## - BIBLIOGRAPHY, ETC. NOTE | |
| Bibliography, etc | Includes bibliography and index. |
| 650 #0 - SUBJECT ADDED ENTRY--TOPICAL TERM | |
| Topical term or geographic name as entry element | Beaches. |
| 9 (RLIN) | 32585 |
| Topical term or geographic name as entry element | Coasts. |
| 9 (RLIN) | 31305 |
| Topical term or geographic name as entry element | Ocean. |
| 9 (RLIN) | 32586 |
| 942 ## - ADDED ENTRY ELEMENTS (KOHA) | |
| Source of classification or shelving scheme | Dewey Decimal Classification |
| Koha item type | Books |
| Lost status | Source of classification or shelving scheme | Damaged status | Not for loan | Collection code | Permanent Location | Current Location | Shelving location | Date acquired | Source of acquisition | Cost, normal purchase price | Total Checkouts | Full call number | Date last seen | Copy number | Koha item type |
|---|---|---|---|---|---|---|---|---|---|---|---|---|---|---|---|
| Dewey Decimal Classification | Not For Loan | Non-fiction | Central Library, University of Rajshahi | Central Library, University of Rajshahi | Reading Room | 29/11/1962 | Zeitlinger | 65.00 | 551.36 KIB 1961 | 25/01/2014 | C-1 | Books | |||
| Dewey Decimal Classification | Non-fiction | Central Library, University of Rajshahi | Central Library, University of Rajshahi | 08/12/2021 | Zeitlinger | 65.00 | 551.36 KIB 1961 | 17/05/2017 | C-2 | Books |